Microeconomía
محفوظ في:
| المؤلفون الرئيسيون: | , |
|---|---|
| التنسيق: | كتاب |
| اللغة: | الإسبانية |
| منشور في: |
Santiago
Ediciones UC
2018
|
| الطبعة: | 2a. ed |
| الموضوعات: | |
| الوسوم: |
إضافة وسم
لا توجد وسوم, كن أول من يضع وسما على هذه التسجيلة!
|
MARC
| LEADER | 00000cam a2200000 a 4500 | ||
|---|---|---|---|
| 001 | UCC7292 | ||
| 003 | CL-VaPUC | ||
| 005 | 20240624105555.0 | ||
| 008 | 190322e20180000cl |||||||||||||||||spa|d | ||
| 999 | |c 373976 |d 373974 | ||
| 020 | |a 9789561422117 | ||
| 040 | |c Pontificia Universidad Católica de Valparaíso | ||
| 082 | 0 | 4 | |a 338.5 |b VIA |2 21 |
| 100 | 0 | |a Vial Lira, Bernardita |e author |9 601848 | |
| 245 | 1 | 0 | |a Microeconomía |
| 250 | |a 2a. ed | ||
| 260 | |a Santiago |b Ediciones UC |c 2018 | ||
| 300 | |a 548 p | ||
| 583 | |a last modification |c 20190322 14:57:00 |k Rodrigo Vera | ||
| 650 | 0 | |a Microeconomía |9 258126 | |
| 650 | 0 | |a Oferta y demanda |9 255571 | |
| 650 | 0 | |a Consumidores |9 888651 |x Conducta | |
| 650 | 0 | |a Bienestar social |9 255298 | |
| 650 | 0 | |a Competencia económica |9 256096 | |
| 700 | 0 | |a Zurita Lillo, Felipe |e author |9 601849 | |
| 942 | |c BK |2 ddc | ||
| 945 | |d 20190322 14:57:00 |a dcastane | ||
| 952 | |0 0 |1 0 |3 erb |4 0 |6 338_500000000000000_VIA_2018 |7 0 |8 R |9 492314 |a BIBENE |b BIBENE |i 5537096 |l 1 |o 338.5 VIA 2018 |p 5537096 |r 2025-01-15 |s 2020-02-26 |w 2019-11-24 |y BK_R |z Catalogado en:20190322 |k ICO | ||
| 952 | |0 0 |1 0 |3 erb |4 0 |6 338_500000000000000_VIA_2018 |7 0 |8 R |9 492315 |a BIBENE |b BIBENE |i 5537088 |o 338.5 VIA 2018 |p 5537088 |r 2025-01-15 |w 2019-11-24 |y BK_R |z Catalogado en:20190322 |k ICO | ||
| 952 | |0 0 |1 0 |3 erb |4 0 |6 338_500000000000000_VIA_2018 |7 0 |8 R |9 492316 |a BIBENE |b BIBENE |i 553710K |o 338.5 VIA 2018 |p 553710K |r 2025-01-15 |w 2019-11-24 |y BK_R |z Catalogado en:20190322 |k ICO | ||